| 000 | 00450nam a22001697a 4500 | ||
|---|---|---|---|
| 003 | OSt | ||
| 008 | 250801b |||||||| |||| 00| 0 eng d | ||
| 020 | _a9788121906647 | ||
| 082 | _a320.1 AGP | ||
| 100 | _aAGARWAL, R. C. | ||
| 245 | _aPolitical Theory (Principles of Political Science) | ||
| 250 | _aReprint, | ||
| 260 |
_aNew Delhi, _bS Chand and Company Limited, _c2024 p. |
||
| 300 | _a558 p. | ||
| 650 | _aPolitical Science | ||
| 942 |
_2ddc _cBK |
||
| 999 |
_c13692 _d13692 |
||